000 00764nam a2200241Ia 4500
003 OSt
005 20220923215258.0
006 a|||||r|||| 00| 0
007 ta
008 220922b |||||||| |||| 00| 0 hin d
024 _a177,342
037 _cTextual
040 _aARTS
_cARTS
_bhin
041 _2hin
_ahin
082 _aO152,1x, J3
245 0 _aविख्या प्रदेश साहित्य संकलन
246 _aVikhyā pradesh sāhitya sankalana
260 _aदिल्ली
_b सूचना एवं प्रचार विभाग
_c1953
300 _a240 पृ.
_ccm.
650 _aहिन्दी साहित्य
_9156264
942 _hO152,1x, J3
_cTEXL
_2CC
999 _c330730
_d330730